000 01264cam a22001814a 4500
005 20250605164343.0
008 250528s ||||||||||||||||||||||||d
035 _a23712
040 _aGR-AtMCL
_bgre
_dGR-AtMCL
_eAACR2
245 1 _aHow Extraversion, Intensity and Novelty Seeking Explain Smoking Status/A Study of Smokers, Non-Smokers and Social Smokers
260 _c2014
300 _a52
520 _aAbstract, Introduction, Physical and Mental Consequences of Tobacco, Why Do Individuals Smoke?, Categories Among Smokers, Regular Smokers, Social Smokers, Individual Differences, Models Used to Explore Smokers' Characteristics, Personality Traits and Smoking Status, Other Factors Related to Tobacco Consumption, All-or-None Phenomenon, Sensation Seeking and Sustance Use, Personality and Sensation Seeking as Predictors of Tobacco Consumption, An Explanation Regarding Sensation Seeking and Smoking, Aim, Hypotheses, Methods, Design, Participants, Materials, Procedure, Analytic Strategy, Results, Discussion, Main Findings, Implications of the Findings, Strengths and Limitations of the Study, Further Research, Conclusions, References, Appendices.
700 1 _aRantzou Eleni-Paraskevi
_99268
942 _cDS
999 _c8670
_d8670